000 00691nam a2200253Ia 4500
003 OSt
005 20220918224726.0
006 a|||||r|||| 00| 0
007 ta
008 220917b |||||||| |||| 00| 0 eng d
024 _a233,776
037 _cTextual
040 _aARTS
_cARTS
_beng
041 _2eng
_aeng
082 _aP35, 111K8
100 _aKrishnamurti B H
245 0 _aBasic course in modern Telugu
260 _aHyderabad
_bBh. Krishnamurti India
_c1968
300 _a287p.
_ccm.
650 _aLINGUISTICS
700 _a Sarma P. Sivananda
_911401
942 _hP35, 111K8
_cTEXL
_2CC
999 _c282126
_d282126